000 00417nam a2200181Ia 4500
005 20240823055304.0
008 240823s9999||||xx |||||||||||||| ||und||
020 _a0-486-45886-5
041 _aENGLISH
082 _A517.36 P7
100 _aShervatov V G
245 0 _aHyperbolic Functions
250 _a1st
260 _c2007
_bDover Publica
500 _aYES
650 _aHyperbolic
_bGeneral
942 _cBK
999 _c228438
_d228438